000
00357nam a2200157Ia 4500
003
OSt
005
20240311161413.0
008
170524s9999 xx 000 0 und d
020
_a
9788186308813
040
_c
IIMTU MEERUT
100
_a
Goyal
245
0
_a
Textbook of hotel maintenance
260
_b
Standard pub. Dis
260
_c
2005
942
_2
ddc
_c
02
999
_c
7363
_d
7363